Fabryho Ja je niekto iný - tradície a súdobé súvislosti

Podrobná bibliografia
Hlavný autor: Winczer, Pavol, 1935-2014 (Autor)
Médium: Článok
Jazyk:slovenčina
Predmet:

MARC

LEADER 00000nab a2200000 a 4500
001 vtls000386142
003 SK-MaSNL
005 20260303160509.0
008 230223c1990 xo 0 slo
015 |a SNBRB19rr/mm-uuuuu 
035 |a CL0386265 
035 |a urn:nbn:sk:snk-abf1sy 
035 |a (urnnbn)urn:nbn:sk:snk:ar-005f7j 
035 |a (uuid)a1005edc-c5d3-4044-b5d5-3f369c2a1bac 
040 |a SNKBUCL  |b slo  |c SNKBUCL  |e AACR2 
041 0 |a slo 
044 |a xo  |c SK 
080 |a 82.033:885.4-1  |2 1981 
080 |a 885.4-1  |2 1981 
080 |a 885.4-1.033  |2 1981 
100 1 |a Winczer, Pavol,  |d 1935-2014  |4 aut  |9 163469 
245 1 0 |a Fabryho Ja je niekto iný - tradície a súdobé súvislosti  |c Pavol Winczer ; Rudolf Fabry 
500 |a V časti Štúdie. Dokončenie. 
600 1 7 |a Fabry, Rudolf,  |d 1915-1982  |2 snkbucl  |9 108094 
655 7 |a články z novín a časopisov  |2 snkbucl  |9 267496 
655 7 |a články z odboru literárna veda a krásna literatúra  |2 snkbucl  |9 770045 
773 0 |t Slovenská literatúra  |g Roč. 37, č. 2 (1990), s. 120-134 
850 |a Slovenská národná knižnica v Martine  |a MTA001 
852 |a SNK  |b KIS3GCP 
954 |a odborná, vedecká literatúra pôvodná (slovenská)  |2 lita 
958 |a NB 
958 |a RK 
958 |a LX 
958 |a OND 
958 |a EUIPO 
958 |a article27 
992 |a RBX 
999 |c 2046413  |d 2048343